The art of deception (Record no. 5648)

MARC details
000 -LEADER
fixed length control field 00385nam a2200145Ia 4500
003 - CONTROL NUMBER IDENTIFIER
control field SGT
082 ## - DEWEY DECIMAL CLASSIFICATION NUMBER
Classification number 813.54
Item number MIT
100 ## - MAIN ENTRY--PERSONAL NAME
Personal name Mitnick,Kevin D
245 #4 - TITLE STATEMENT
Title The art of deception
Remainder of title controlling the human element of security
260 ## - PUBLICATION, DISTRIBUTION, ETC. (IMPRINT)
Name of publisher, distributor, etc Wiley India Pvt. Ltd.
Place of publication, distribution, etc N.Delhi
Year of Publication 2003
300 ## - PAGE DESCRIPTION
No. of Pages 352p.
650 ## - SUBJECT ADDED ENTRY--TOPICAL TERM
Topical term or geographic name as entry element American fiction in English
700 ## - ADDED ENTRY--PERSONAL NAME
Personal name Simon,Wliilam L
942 ## - ADDED ENTRY ELEMENTS (KOHA)
Source of classification or shelving scheme Dewey Decimal Classification
Koha item type Books
Holdings
Withdrawn status Lost status Source of classification or shelving scheme Damaged status Use restrictions Not for loan Home library Current library Shelving location Date acquired Vendor Name SGTU Full call number Accession No. (Barcode) Date last seen Bill Date Koha item type
    Dewey Decimal Classification   Restricted Access Not For Loan SGT Engineering Library SGT Engineering Library Reference Book 17/09/2013 GIFTED SGTU 813.54 MIT FE6205 09/02/2015 09/02/2015 Books